[Event "Titled Tuesday intern op 16th Apr Early"]
[Site "Chess.com INT"]
[Date "2024.04.16"]
[Round "7"]
[White "Vigoa Apecheche, Yanira"]
[Black "Manukian, Artak"]
[Result "0-1"]
[WhiteElo "2232"]
[BlackElo "2196"]
[PlyCount "154"]
[EventDate "2024.04.16"]
[EventType "swiss (blitz)"]
[EventRounds "11"]
[EventCountry "USA"]
[SourceTitle "CB17_2024"]
[SourceDate "2024.04.24"]
[SourceVersion "1"]
[SourceVersionDate "2024.04.24"]
[SourceQuality "1"]

1. d4 d5 2. c4 dxc4 3. Nf3 Nf6 4. Nc3 Bf5 5. Ne5 Nbd7 6. Nxc4 Nb6 7. e3 e6 8. f3 Bb4 9. e4 Bg6 10. a3 Bxc3+ 11. bxc3 0-0 12. Be3 Nfd7 13. Be2 Qe7 14. 0-0 c5 15. Nxb6 axb6 16. Qb3 e5 17. d5 Kh8 18. Bb5 f5 19. d6 Qd8 20. exf5 Bxf5 21. Rfd1 e4 22. f4 Nf6 23. h3 h5 24. Be2 Qe8 25. Qxb6 Qg6 26. Kf1 Nd7 27. Qb2 Ne5 28. c4 Nd3 29. Bxd3 exd3 30. Bxc5 Be4 31. Rd2 Rxf4+ 32. Kg1 Rc8 33. Be3 Rf7 34. c5 b6 35. cxb6 Qxd6 36. a4 Qg3 37. Bd4 Rc2 38. Qxc2 dxc2 39. a5 Bb7 40. Rc1 Qa3 41. Rcxc2 Qxa5 42. Kh2 Qf5 43. Rf2 Qd5 44. Rxf7 Qxf7 45. Be5 Qd5 46. Bg3 g5 47. h4 gxh4 48. Bxh4 Qe5+ 49. Bg3 Qe4 50. Rf2 h4 51. Bf4 Kg7 52. Kh3 Kg6 53. Kg4 Bc8+ 54. Kxh4 Qf5 55. Kg3 Qg4+ 56. Kh2 Qh5+ 57. Kg1 Qd1+ 58. Kh2 Bb7 59. Kg3 Qd3+ 60. Kh2 Qe4 61. Bg3 Qb4 62. Rf4 Qxb6 63. Rg4+ Kf5 64. Rf4+ Ke6 65. Rh4 Qb1 66. Rf4 Kd5 67. Rf2 Ke4 68. Rf4+ Ke3 69. Rf2 Qd1 70. Bh4 Qd5 71. Kg3 Qd6+ 72. Kh3 Bc8+ 73. g4 Qe6 74. Kg3 Qxg4+ 75. Kh2 Qxh4+ 76. Kg1 Qxf2+ 77. Kh1 Bb7# 0-1

[Event "Titled Tuesday intern op 12th Dec Early"]
[Site "Chess.com INT"]
[Date "2023.12.12"]
[Round "3"]
[White "Vigoa Apecheche, Yanira"]
[Black "Kleiman, Jake"]
[Result "1/2-1/2"]
[WhiteElo "2232"]
[BlackElo "2399"]
[PlyCount "66"]
[EventDate "2023.12.12"]
[EventType "swiss (blitz)"]
[EventRounds "11"]
[EventCountry "USA"]
[SourceTitle "CB51_2023"]
[SourceDate "2023.12.20"]
[SourceVersion "1"]
[SourceVersionDate "2023.12.20"]
[SourceQuality "1"]

1. d4 Nf6 2. Bg5 Ne4 3. Bf4 Nc6 4. e3 d5 5. Bd3 e6 6. Bxe4 dxe4 7. Nd2 f5 8. f3 exf3 9. Ngxf3 Bd6 10. Ne5 Nxe5 11. dxe5 Bb4 12. c3 Be7 13. Qe2 Qd5 14. 0-0 Bd7 15. c4 Qc6 16. a3 a5 17. Rac1 a4 18. Nf3 0-0 19. Rfd1 Rad8 20. Nd4 Qe4 21. c5 Bb5 22. Qxb5 Rd5 23. Nxe6 Rc8 24. Rd4 Rxd4 25. Nxd4 g5 26. Qc4+ Kh8 27. Qf7 gxf4 28. Qxe7 Qxe3+ 29. Kf1 Qxc1+ 30. Kf2 Qe3+ 31. Kf1 Qc1+ 32. Kf2 Qe3+ 33. Kf1 Qc1+ 1/2-1/2

[Event "Gijon op 1st"]
[Site "Gijon"]
[Date "2023.06.28"]
[Round "4"]
[White "Vigoa Apecheche, Yanira"]
[Black "Tejedor Fuente, Enrique"]
[Result "1/2-1/2"]
[WhiteElo "2218"]
[BlackElo "2390"]
[PlyCount "84"]
[EventDate "2023.06.26"]
[EventType "swiss"]
[EventRounds "9"]
[EventCountry "ESP"]
[SourceTitle "EXT 2024"]
[Source "ChessBase"]
[SourceDate "2023.10.10"]
[SourceVersion "1"]
[SourceVersionDate "2023.10.10"]
[SourceQuality "1"]

1. d4 d5 2. Nf3 Nf6 3. Bf4 c5 4. e3 Nc6 5. Be2 e6 6. 0-0 Bd6 7. dxc5 Bxc5 8. a3 0-0 9. b4 Be7 10. c4 dxc4 11. Bxc4 Nh5 12. Bd3 Nxf4 13. exf4 Qd6 14. Qd2 Rd8 15. Rd1 f5 16. Nc3 Bf6 17. Rac1 Bd7 18. Qe3 Qe7 19. Bc4 Kh8 20. Nb5 Rac8 21. Nd6 Rc7 22. Ba2 a6 23. Ne5 Be8 24. Nxe8 Rxe8 25. Nxc6 bxc6 26. Qb6 Bb2 27. Rb1 Bf6 28. Qxa6 g5 29. fxg5 Bxg5 30. Qc4 e5 31. Rb3 e4 32. Rh3 h6 33. Re1 Rd8 34. Rg3 f4 35. Rh3 e3 36. fxe3 fxe3 37. Rg3 Qe5 38. Rf3 Rg7 39. h4 Bf6 40. Rfxe3 Rd2 41. R3e2 Qe3+ 42. Rxe3 Rgxg2+ 1/2-1/2

[Event "Manchester (Women)"]
[Site "Manchester"]
[Date "2015.11.21"]
[Round "5"]
[White "Tsatsalashvili, Ketevan"]
[Black "Vigoa Apecheche, Yanira"]
[Result "1-0"]
[WhiteElo "2240"]
[BlackElo "2245"]
[PlyCount "87"]
[EventDate "2015.11.19"]
[EventType "tourn"]
[EventRounds "10"]
[EventCountry "USA"]
[SourceTitle "CBM 169 Extra"]
[Source "ChessBase"]
[SourceDate "2015.12.18"]
[SourceVersion "1"]
[SourceVersionDate "2015.12.18"]
[SourceQuality "1"]

1. d4 Nf6 2. Nf3 g6 3. c4 c5 4. d5 b5 5. cxb5 a6 6. b6 d6 7. Nc3 Nbd7 8. a4 Qxb6 9. a5 Qc7 10. e4 Bg7 11. h3 Rb8 12. Be2 0-0 13. 0-0 Rb4 14. Qc2 e6 15. dxe6 fxe6 16. Rd1 Ne8 17. Na4 Ne5 18. Bd2 Nxf3+ 19. Bxf3 Rb5 20. Rab1 Qf7 21. b4 cxb4 22. Bxb4 Bb7 23. Nb6 Qe7 24. Qd3 Kh8 25. Nc4 Rxb4 26. Rxb4 d5 27. Rxb7 Qxb7 28. exd5 exd5 29. Bxd5 Qb4 30. Bf3 Qc5 31. Qd5 Qxd5 32. Rxd5 Nc7 33. Rd6 Ba1 34. Rc6 Rf7 35. Nd6 Re7 36. g3 Bd4 37. Kg2 h6 38. h4 Ba1 39. h5 Be5 40. Nc4 Bg7 41. hxg6 Kg8 42. Ne3 Kf8 43. Be2 Be5 44. Bxa6 1-0

[Event "Olympiad Women-41"]
[Site "Tromsoe"]
[Date "2014.08.14"]
[Round "11.3"]
[White "Vigoa Apecheche, Yanira"]
[Black "Frisk, Ellinor"]
[Result "0-1"]
[WhiteElo "2317"]
[BlackElo "2257"]
[PlyCount "138"]
[EventDate "2014.08.02"]
[EventType "team-swiss"]
[EventRounds "11"]
[EventCountry "NOR"]
[SourceTitle "CBM 162"]
[Source "ChessBase"]
[SourceDate "2014.09.17"]
[SourceVersion "1"]
[SourceVersionDate "2014.09.17"]
[SourceQuality "1"]
[WhiteTeam "Cuba (W)"]
[BlackTeam "Sweden (W)"]
[WhiteTeamCountry "CUB"]
[BlackTeamCountry "SWE"]

1. d4 d5 2. Nf3 Nf6 3. c4 c6 4. g3 dxc4 5. Bg2 g6 6. 0-0 Bg7 7. Nbd2 0-0 8. Qc2 Na6 9. Nxc4 Bf5 10. Qa4 Qc8 11. Na5 Be4 12. Qa3 Nd5 13. Bg5 Re8 14. Rfc1 Nac7 15. Nb3 Nb5 16. Qa4 h6 17. Bd2 a5 18. Nc5 Bxf3 19. exf3 Nxd4 20. Qd1 e5 21. Be3 Ne6 22. Qb3 Nxe3 23. fxe3 Nxc5 24. Rxc5 a4 25. Qc2 a3 26. b3 e4 27. Rf1 exf3 28. Rxf3 Qd7 29. Rc4 Rad8 30. Qf2 Qd1+ 31. Qf1 Re7 32. Rc1 Qxf1+ 33. Bxf1 Rd2 34. Rf2 Red7 35. Rc2 Rxc2 36. Rxc2 Rd1 37. Kf2 Ra1 38. b4 Rb1 39. b5 cxb5 40. Bd3 Rb4 41. Ke2 Bf8 42. Kd2 h5 43. e4 Bd6 44. Kc3 Kg7 45. Re2 Bc5 46. h3 Kf6 47. e5+ Ke6 48. Bc2 Rc4+ 49. Kd2 Bb4+ 50. Kd1 Rd4+ 51. Kc1 h4 52. Bb3+ Ke7 53. gxh4 Rf4 54. e6 f5 55. Re5 b6 56. h5 gxh5 57. Re3 h4 58. Rd3 Bd6 59. Kd1 Rf2 60. Rd4 f4 61. Rd5 f3 62. Rf5 Bb4 63. Rf4 Rd2+ 64. Kc1 f2 65. Rf7+ Ke8 66. Bd1 Rxa2 67. Bh5 Kd8 68. Kb1 Rd2 69. Kc1 a2 0-1

[Event "Olympiad Women-41"]
[Site "Tromsoe"]
[Date "2014.08.02"]
[Round "1.4"]
[White "Vigoa Apecheche, Yanira"]
[Black "Ramirez Gonzalez, Maria Jose"]
[Result "1-0"]
[WhiteElo "2317"]
[BlackElo "1764"]
[PlyCount "63"]
[EventDate "2014.08.02"]
[EventType "team-swiss"]
[EventRounds "11"]
[EventCountry "NOR"]
[SourceTitle "CBM 162"]
[Source "ChessBase"]
[SourceDate "2014.09.17"]
[SourceVersion "1"]
[SourceVersionDate "2014.09.17"]
[SourceQuality "1"]
[WhiteTeam "Cuba (W)"]
[BlackTeam "Costa Rica (W)"]
[WhiteTeamCountry "CUB"]
[BlackTeamCountry "CRI"]

1. d4 c5 2. e3 Nf6 3. Nf3 g6 4. Nbd2 Bg7 5. c3 b6 6. e4 cxd4 7. cxd4 Bb7 8. Bd3 0-0 9. 0-0 d6 10. Rb1 Nbd7 11. b3 Qc7 12. Bb2 Rac8 13. Re1 Rfe8 14. Qe2 e5 15. d5 Nc5 16. Bb5 Red8 17. b4 Ncd7 18. Rbc1 Qb8 19. h3 Rxc1 20. Bxc1 Rc8 21. Nf1 Qc7 22. Bd2 Qc2 23. a4 Ra8 24. Rc1 Qb2 25. Rc7 Bc8 26. Qc4 Nxe4 27. Qxe4 Nf6 28. Qc4 Bf5 29. g4 Be4 30. Rc8+ Rxc8 31. Qxc8+ Bf8 32. Bh6 1-0

[Event "Capablanca Memorial op 49th"]
[Site "Havana"]
[Date "2014.05.10"]
[Round "3"]
[White "Vigoa Apecheche, Yanira"]
[Black "Corrales Jimenez, Zenia"]
[Result "1-0"]
[WhiteElo "2337"]
[BlackElo "2178"]
[PlyCount "119"]
[EventDate "2014.04.08"]
[EventType "swiss"]
[EventRounds "10"]
[EventCountry "CUB"]
[SourceTitle "CBM 160 Extra"]
[Source "ChessBase"]
[SourceDate "2014.07.01"]
[SourceVersion "1"]
[SourceVersionDate "2014.07.01"]
[SourceQuality "1"]

1. d4 Nf6 2. Nf3 g6 3. g3 d5 4. Bg2 Bg7 5. c4 dxc4 6. Nc3 0-0 7. 0-0 Nc6 8. h3 Bf5 9. g4 Bc8 10. e4 Nb4 11. Be3 c5 12. d5 Nd3 13. Nd2 Nxb2 14. Qc2 Nd3 15. Nxc4 Nb4 16. Qb3 Bxg4 17. hxg4 Nxg4 18. Rfd1 b5 19. Bxc5 Na6 20. Qxb5 Nxc5 21. Qxc5 Bxc3 22. Rac1 Bf6 23. Na5 Bh4 24. Rc2 Qb8 25. Nc6 Qh2+ 26. Kf1 Qf4 27. Kg1 f5 28. e5 Nxe5 29. Rd4 Bxf2+ 30. Rxf2 Qg3 31. Nxe5 Qxe5 32. Rd1 f4 33. Qd4 Qg5 34. Rdf1 Rac8 35. Rxf4 Rxf4 36. Qxf4 Qxf4 37. Rxf4 Kg7 38. Ra4 Rc7 39. Ra6 Kh6 40. Be4 Kg5 41. Rc6 Rd7 42. Rc5 Kf4 43. Bc2 Ke3 44. Bb3 g5 45. Kg2 h5 46. Kg3 Ke4 47. Rc1 a5 48. Rc5 Ra7 49. Bd1 g4 50. Bb3 a4 51. Rc4+ Ke5 52. Rxa4 Rxa4 53. Bxa4 Kxd5 54. Be8 e5 55. Bxh5 e4 56. Bxg4 e3 57. Kf3 Kd4 58. Ke2 Kc4 59. Kxe3 Kb4 60. Kd2 1-0

[Event "CUB-ch (Women)"]
[Site "Pinar del Rio"]
[Date "2014.02.15"]
[Round "11"]
[White "Vigoa Apecheche, Yanira"]
[Black "Arribas Robaina, Maritza"]
[Result "1-0"]
[WhiteElo "2321"]
[BlackElo "2309"]
[PlyCount "63"]
[EventDate "2014.02.05"]
[EventType "tourn"]
[EventRounds "11"]
[EventCountry "CUB"]
[EventCategory "1"]
[SourceTitle "CBM 158 Extra"]
[Source "ChessBase"]
[SourceDate "2014.02.28"]
[SourceVersion "1"]
[SourceVersionDate "2014.02.28"]
[SourceQuality "1"]

1. d4 Nf6 2. Bg5 Ne4 3. Bf4 c5 4. f3 Qa5+ 5. c3 Nf6 6. d5 Qb6 7. e4 Qxb2 8. Nd2 Qxc3 9. Bc7 d6 10. Ne2 Qe3 11. Rb1 Na6 12. Nc4 Qh6 13. Ba5 g5 14. Ng3 Qh4 15. Ne3 Bh6 16. Bxa6 bxa6 17. 0-0 g4 18. f4 Nh5 19. Nef5 Bxf5 20. Nxf5 Qf6 21. Qa4+ Kf8 22. Qb3 Re8 23. Bc3 Qg6 24. Bxh8 f6 25. g3 Kg8 26. Qa4 Bf8 27. Nh4 Qf7 28. e5 dxe5 29. fxe5 Bh6 30. e6 Be3+ 31. Kg2 Qf8 32. Qxg4+ 1-0

[Event "CUB-ch (Women)"]
[Site "Pinar del Rio"]
[Date "2014.02.12"]
[Round "8"]
[White "Hernandez Moya, Yuleisis"]
[Black "Vigoa Apecheche, Yanira"]
[Result "1/2-1/2"]
[WhiteElo "2227"]
[BlackElo "2321"]
[PlyCount "82"]
[EventDate "2014.02.05"]
[EventType "tourn"]
[EventRounds "11"]
[EventCountry "CUB"]
[EventCategory "1"]
[SourceTitle "CBM 158 Extra"]
[Source "ChessBase"]
[SourceDate "2014.02.28"]
[SourceVersion "1"]
[SourceVersionDate "2014.02.28"]
[SourceQuality "1"]

1. e4 c5 2. Nf3 e6 3. d4 cxd4 4. Nxd4 Nf6 5. Bd3 Nc6 6. Nb3 d5 7. exd5 Nxd5 8. 0-0 Be7 9. Qe2 Qc7 10. c4 Nf4 11. Bxf4 Qxf4 12. Nc3 0-0 13. Rad1 g6 14. Rfe1 Bb4 15. g3 Qf6 16. Ne4 Qg7 17. Rf1 e5 18. a3 Be7 19. c5 Rb8 20. Rfe1 b6 21. Bb5 bxc5 22. Bxc6 Rxb3 23. Bd5 Rb6 24. Rc1 Rd8 25. Red1 Qf8 26. Nc3 Rbd6 27. Qxe5 Bf6 28. Qe4 Bf5 29. Qf3 Bd4 30. Be4 Bxc3 31. Rxd6 Qxd6 32. Rxc3 Bxe4 33. Qxe4 Qb6 34. Rc2 Rd1+ 35. Kg2 Qd6 36. Re2 Qd4 37. Qe8+ Kg7 38. Qe5+ Qxe5 39. Rxe5 Rc1 40. Re2 a5 41. Kf3 c4 1/2-1/2

[Event "CUB-ch (Women)"]
[Site "Pinar del Rio"]
[Date "2014.02.11"]
[Round "7"]
[White "Vigoa Apecheche, Yanira"]
[Black "Llaudy Pupo, Lisandra"]
[Result "1/2-1/2"]
[WhiteElo "2321"]
[BlackElo "2260"]
[PlyCount "31"]
[EventDate "2014.02.05"]
[EventType "tourn"]
[EventRounds "11"]
[EventCountry "CUB"]
[EventCategory "1"]
[SourceTitle "CBM 158 Extra"]
[Source "ChessBase"]
[SourceDate "2014.02.28"]
[SourceVersion "1"]
[SourceVersionDate "2014.02.28"]
[SourceQuality "1"]

1. d4 Nf6 2. c4 e6 3. g3 c5 4. Nf3 cxd4 5. Nxd4 d5 6. Nc2 e5 7. cxd5 Qxd5 8. Qxd5 Nxd5 9. Bg2 Be6 10. 0-0 Nc6 11. Rd1 0-0-0 12. Bd2 Bc5 13. Rc1 Bb6 14. Nc3 Nxc3 15. Bxc3 Bd5 16. Nb4 1/2-1/2

[Event "Capablanca Memorial Premier 48th"]
[Site "Havana"]
[Date "2013.04.28"]
[Round "7"]
[White "Vigoa Apecheche, Yanira"]
[Black "Davila, Carlos"]
[Result "0-1"]
[WhiteElo "2319"]
[BlackElo "2304"]
[PlyCount "108"]
[EventDate "2013.04.21"]
[EventType "tourn"]
[EventRounds "9"]
[EventCountry "CUB"]
[EventCategory "3"]
[SourceTitle "EXT 2014"]
[Source "ChessBase"]
[SourceDate "2013.11.20"]
[SourceVersion "1"]
[SourceVersionDate "2013.11.20"]
[SourceQuality "1"]

1. d4 c5 2. e3 Nf6 3. Nf3 g6 4. Be2 Bg7 5. 0-0 b6 6. Ne5 Bb7 7. Bf3 Qc8 8. a4 d6 9. Bxb7 Qxb7 10. Nf3 0-0 11. c4 cxd4 12. exd4 Rc8 13. b3 d5 14. Nbd2 Nc6 15. Qe2 e6 16. Ba3 Rd8 17. c5 Nd7 18. Rac1 bxc5 19. dxc5 a5 20. Qd3 Rdc8 21. h4 Nb4 22. Qe3 e5 23. h5 d4 24. Qe4 Qxe4 25. Nxe4 f5 26. Nd6 Rxc5 27. Nb7 Rxc1 28. Rxc1 Nd5 29. hxg6 hxg6 30. Rc6 e4 31. Nd2 e3 32. fxe3 dxe3 33. Nf3 Ne5 34. Nxe5 Bxe5 35. Bc5 e2 36. Kf2 Nf4 37. Be3 Re8 38. Rc4 Bd4 39. Rxd4 Rxe3 40. Rd8+ Kg7 41. Rd7+ Kh6 42. Kxe3 e1Q+ 43. Kxf4 Qe4+ 44. Kg3 f4+ 45. Kh2 Qe5 46. Nd8 f3+ 47. g3 Qe2+ 48. Kh3 f2 49. Nf7+ Kg7 50. Ng5+ Kf6 51. Nh7+ Ke6 52. Nf8+ Kf5 53. Rf7+ Kg5 54. Nh7+ Kh6 0-1

[Event "Mexico op"]
[Site "Puebla"]
[Date "2013.03.28"]
[Round "4"]
[White "Vigoa Apecheche, Yanira"]
[Black "Gonzalez Vidal, Yuri"]
[Result "1/2-1/2"]
[WhiteElo "2319"]
[BlackElo "2525"]
[PlyCount "42"]
[EventDate "2013.03.26"]
[EventType "swiss"]
[EventRounds "9"]
[EventCountry "MEX"]
[SourceTitle "CBM 153 Extra"]
[Source "ChessBase"]
[SourceDate "2013.04.22"]
[SourceVersion "1"]
[SourceVersionDate "2013.04.22"]
[SourceQuality "1"]

1. d4 e6 2. Nf3 Nf6 3. e3 b6 4. Bd3 Bb7 5. 0-0 d5 6. c4 Bd6 7. b3 0-0 8. Bb2 Nbd7 9. Qe2 Ne4 10. Nc3 a6 11. Nd2 f5 12. f4 c5 13. Nf3 cxd4 14. Nxd4 Qe7 15. cxd5 exd5 16. Nxe4 fxe4 17. Bc2 Nc5 18. Qg4 Bc8 19. Qd1 Bb7 20. Qg4 Bc8 21. Qd1 Bb7 1/2-1/2

[Event "San Cristobal Bolivar op 1st"]
[Site "San Cristobal"]
[Date "2012.09.29"]
[Round "8"]
[White "Rodriguez Nolasco, Jesus"]
[Black "Vigoa Apecheche, Yanira"]
[Result "0-1"]
[WhiteElo "2023"]
[BlackElo "2293"]
[PlyCount "88"]
[EventDate "2012.09.25"]
[EventType "swiss"]
[EventRounds "10"]
[EventCountry "VEN"]
[SourceTitle "EXT 2013"]
[Source "ChessBase"]
[SourceDate "2012.11.22"]
[SourceVersion "1"]
[SourceVersionDate "2012.11.22"]
[SourceQuality "1"]

1. Nf3 Nf6 2. d4 g6 3. g3 Bg7 4. Bg2 0-0 5. 0-0 d6 6. c3 Nc6 7. Re1 Bd7 8. e4 e5 9. d5 Ne7 10. c4 Ne8 11. Nc3 f5 12. Bg5 h6 13. Bxe7 Qxe7 14. Nh4 Qf7 15. exf5 gxf5 16. Bh3 Rd8 17. Rf1 Kh8 18. Rc1 h5 19. Rc2 Bh6 20. Kh1 Bg5 21. Nf3 Bf6 22. Qd2 Qg6 23. Rg1 Rg8 24. Ne2 Qh7 25. Nh4 Bxh4 26. gxh4 Rxg1+ 27. Nxg1 f4 28. f3 Nf6 29. b4 Rg8 30. Bxd7 Qxd7 31. b5 b6 32. Rc1 Rg7 33. Re1 Qf5 34. Qe2 Nd7 35. Qe4 Qf6 36. Ne2 Nc5 37. Qb1 Qxh4 38. Rg1 Qf2 39. Rxg7 Kxg7 40. Qg1+ Qxg1+ 41. Kxg1 Nd3 42. h4 Nb2 43. Nc3 Nxc4 44. Kf2 Ne3 0-1